Statistics for United States Decoder

Click here to take the quiz!

General Stats

  • This quiz has been taken 1,611 times
    (1,517 since last reset)
  • The average score is 17 of 23

Answer Stats

HintAnswer% Correct
ASpaceflight that landed the first humans on the Moon{Apollo} 11
95%
HOldest US universityHarvard
93%
BCity of most famous tea partyBoston
92%
ERock and roll king who lived in GracelandElvis
91%
UMormon stateUtah
91%
OShe had the highest-rated talk show in historyOprah
90%
EInventor of electrical light bulbEdison
90%
OThe state's capital and largest city is ColumbusOhio
89%
OCounty in California and citrus fruitOrange
88%
WIn Salem they were ''guilty''Witches
88%
PHe becomes strong when he eats spinachPopeye
88%
DMost famous theme park in the worldDisneyland
86%
TJack Daniel's home stateTennessee
81%
SBill Clinton's musical instrumentSaxophone
79%
MTom Sawyer's riverMississippi
76%
RThere is a house in New Orleans, they call the...{Rising} Sun
73%
VOnly West stateVirginia
68%
LThey were in Minneapolis until 1960, now they are in Los AngelesLakers
59%
NQuote of Poe's RavenNevermore
54%
Houston, we've had a problem
42%
HA term for people who dwell in rural, mountainous areasHillbillies
40%
EDesert Fox was his enemyEisenhower
27%
ABugs Bunny should have made a left turn at...Albuquerque
19%

Score Distribution

Percentile by Number Answered

Percent of People with Each Score

Your Score History

You have not taken this quiz since the last reset